Central Library, Doon University
WEBOPAC (ONLINE PUBLIC ACCESS CATALOGUE)

Human Values And Professionals Ethics (Record no. 60983)

MARC details
000 -LEADER
fixed length control field 00512nam a22001937a 4500
005 - DATE & TIME
control field 20260604110314.0
008 - FIXED-LENGTH DATA ELEMENTS--GENERAL INFORMATION
fixed length control field 260604b |||||||| |||| 00| 0 eng d
020 ## - ISBN
International Standard Book Number 9789380444253
Price 795.00
040 ## - CATALOGING SOURCE
Original cataloging agency Doon University
041 ## - Language
Language English
082 ## - DDC NUMBER
Classification number 174.962
Book Number SHU
100 ## - MAIN ENTRY--PERSONAL NAME
Personal name Shukla, R.K.
245 ## - TITLE STATEMENT
Title Human Values And Professionals Ethics
260 ## - PUBLICATION, DISTRIBUTION, ETC. (IMPRINT)
Place of publication, distribution, etc New Delhi
Name of publisher, distributor, etc A.B. Publication
Date of publication, distribution, etc 2025
300 ## - PHYSICAL DESCRIPTION
Pages 146
650 ## - Subject
Subject Commece (PM USHA)
700 ## - Added Entry Personal Name
Added Entry Personal Name Mishra, Anuranjan
942 ## - ADDED ENTRY ELEMENTS (KOHA)
Koha item type Books
100 ## - MAIN ENTRY--PERSONAL NAME
-- 10451
650 ## - Subject
-- 27003
700 ## - Added Entry Personal Name
-- 19141
952 ## - LOCATION AND ITEM INFORMATION (KOHA)
-- 2026-06-04
952 ## - LOCATION AND ITEM INFORMATION (KOHA)
-- 2026-06-04
952 ## - LOCATION AND ITEM INFORMATION (KOHA)
-- 2026-06-04
952 ## - LOCATION AND ITEM INFORMATION (KOHA)
-- 2026-06-04
952 ## - LOCATION AND ITEM INFORMATION (KOHA)
-- 2026-06-04
Holdings
Withdrawn status Lost status Source of classification or shelving scheme Damaged status Not for loan Location (home branch) Sublocation or collection (holding branch) Date acquired Koha full call number Accession No. Koha date last seen Koha item type Koha issues (times borrowed)
        Not For Loan Doon University Doon University 04.06.2026 174.962 SHU 34563 04.06.2026 Reference  
          Doon University Doon University 04.06.2026 174.962 SHU 34564 04.06.2026 Books  
          Doon University Doon University 04.06.2026 174.962 SHU 34565 04.06.2026 Books  
          Doon University Doon University 04.06.2026 174.962 SHU 34566 04.06.2026 Books  
          Doon University Doon University 04.06.2026 174.962 SHU 34567 04.06.2026 Books  
Contact : +91-135-2533126 (Library),+91-135-2533105 (Admin Office) , Email : doonlibrary@gmail.com

Powered by Koha